| 000 | 00772nam a2200229Ia 4500 | ||
|---|---|---|---|
| 003 | GCL | ||
| 005 | 20240530105413.0 | ||
| 008 | 140319s9999 xx 000 0 ara d | ||
| 040 |
_aGCL / _cGCL |
||
| 082 | 0 | 4 |
_a345.06 _bم ط |
| 100 | 1 | _aمعوض عبدالتواب | |
| 245 | 1 | 0 |
_aالطب الشرعى والتحقيق الجنائى والادلة الجنائية / _cمعوض عبدالتواب |
| 260 |
_a[S.N] : _bمكتبه النهضه المصريه ، _c1987 |
||
| 300 | _a994 ص | ||
| 650 | 0 | 4 | _aالقانون الجنائى |
| 650 | 0 | 4 | _aالقانون |
| 650 | 0 | 4 | _aالطب الشرعى |
| 650 | 0 | 4 | _aقانون الاثبات الجنائى |
| 700 | 1 | _aمصطفى عبدالتواب | |
| 700 | 1 | _aسبنوت حليم دوس | |
| 942 |
_2ddc _cBK |
||
| 999 |
_c55703 _d55703 |
||